000 01395nam a2200349 i 4500
001 000021555
003 DO-SdBNP
005 20250311100044.0
007 ta
008 100909s1997 dr ac 001 0 spa d
020 _z8489539456
040 _aDO-SdBNP
_bspa
_cBNPHU
_erda
041 _aspa
082 4 _a972.93054
_bD337j 1997
_222
100 1 _aDeláncer, Juan,
_944928
_eautor
_4aut.
245 1 0 _aJunio 1959, desembarco de la gloria /
_cJuan Deláncer ; corrección, Silvio Sánchez Rodríguez
250 _aSegunda edición revisada y ampliada
264 4 _aSanto Domingo, República Dominicana :
_bLibrería la Trinitaria,
_c©1997.
300 _a216 páginas :
_bilustraciones, retratos ;
_c24 cm.
336 _atexto
_btxt
_2rdacontent
337 _asin mediación
_bn
_2rdamedia
338 _avolumen
_bnc
_2rdacarrier
500 _aIncluye datos biográficos del autor en la solapa de la cubierta.
590 _aInventariado, 2024/BT
610 2 4 _aMovimiento Revolucionario 14 de Junio (República Dominicana)
_91373
650 4 _aPersecusiones políticas
_zRepública Dominicana
_934704
650 4 _aResistencia civil
_zRepública Dominicana
_944929
651 4 _aRepública Dominicana
_xPolítica y gobierno
_xHistoria
_y1930-1961
_944930
700 1 _aSánchez Rodríguez, Silvio,
_ecorrector
_4corr.
_987144
910 _aValidado. Control de calidad EMS
942 _2ddc
_cLBS1
999 _c21054
_d21054